000 00512nam a22001937a 4500
003 OSt
005 20160630134326.0
008 160630b xxu||||| |||| 00| 0 eng d
020 _a0727915991
040 _cDNLM.
082 _aQV771C611l 2002.
100 _aEdited by Duley,Lelia;Farrell,Barbara;
_99771
245 _aClinical Trials.
260 _aLondon;
_bBMJ Publishing Group.
_c2002.
300 _ax,133p;
_bill:
_c22cm.
504 _aincludes index.
650 _aPharmacology.
_9357
942 _2z
_cO_SHELF
999 _c4559
_d4559